¿Comunidad Valenciana o Cataluña? - Estadísticas

Estadísticas generales
  • Esta prueba ha sido intentada 444 veces
  • La puntuación promedio es 13 de 16
Estadísticas de respuestas
Pregunta Respuesta % Correcto
Tiene la mayor producción de naranjas. Comunidad Valenciana
97%
Está bordeado por el mar Mediterráneo. Ambos
96%
Alberga una de las Obras de Antonio Gaudí (uno de los 7 edificios de Patrimonio de la Humanidad). Cataluña
93%
Aquí se celebra la Tomatina de Buñol. Comunidad Valenciana
93%
Es uniprovincial. Ninguno
92%
Tiene una bandera compuesta solamente de rojo y amarillo. Cataluña
89%
Está más cerca de Ibiza. Comunidad Valenciana
88%
Recibe más horas de sol al año. Comunidad Valenciana
84%
Su sistema institucional de gobierno es una generalidad. Ambos
80%
Tiene un club de fútbol que nunca ha descendido de la Primera División de La Liga. Cataluña
79%
Tiene un circuito que han albergado más carreras de Fórmula 1 en el siglo XXI. Cataluña
79%
Tiene una superficie más extensa. Cataluña
77%
Antiguamente formaba parte de la Corona de Aragón. Ambos
74%
Forma parte de la Costa Blanca. Comunidad Valenciana
64%
Alberga la ciudad con más rascacielos de España. Comunidad Valenciana
63%
Tiene un parque nacional. Cataluña
29%
No se encontraron pruebas coincidentes
Distribución de puntuación
Porcentaje de gente con cada puntuación
Porcentaje por número respondido
Historial de tus puntuaciones
No has intentado esta prueba.